Spomienka na Jána Čajaka ml.

Bibliographic Details
Format: Article
Language:Slovak
PhysicalDescription:1 foto
Subjects:

MARC

LEADER 00000nab a2200000 a 4500
001 vtls001011186
003 SK-MaSNL
005 20260304174443.0
008 040720e20020805xo 0 slo
035 |a RV11786 
040 |a RVGKPD  |b slo  |c RVGKPD  |e AACR2 
041 0 |a slo 
044 |a xo  |c SK 
080 |a 885.4  |2 1981 
245 0 0 |a Spomienka na Jána Čajaka ml. 
300 |b 1 foto 
600 1 7 |a Čajak, Ján,  |d 1897-1982  |2 RVGKPD  |9 113561 
650 0 7 |a slovenskí spisovatelia  |2 RVGKPD  |9 1258 
651 7 |a Slavošovce (Slovensko)  |2 RVGKPD  |9 28955 
773 0 8 |t Slavošovské obecné noviny  |g Roč. 7, č.27, 5.8.2002, s. 7 
852 |a ZVYKNI  |b KIS3GCP 
999 |c 3008921  |d 3010851